Statystyki dla Wszystkie piosenki - Kaz Bałagane

Kliknij tutaj aby rozwiązać quiz!

Ogólne statystyki

  • Ten quiz został rozwiązany 205 razy
    (138 od ostatniego zresetowania)
  • Średni wynik to 64 z 265

Statystyki odpowiedzi

HintOdpowiedź% Poprawnych
Hugo Bucc 2B )
92%
Cock.0z MixtapeBlueface (feat. Młody Dron)
68%
Hugo Bucc 2Kulig (feat. DMN)
68%
NarkopopNarkopop
67%
Czorty i Inne SportyOna (feat. Plejer)
63%
Radio GruzChaczapuri
62%
Radio Gruz | Źródło LPIntro
62%
Hugo Bucc 2Intro (Kiełbasiany Stwór)
62%
NarkopopIntro (Lata 90-te)
62%
LOT022Dr. Traphouse (feat. Belmondawg)
60%
NarkopopTrendsetter
60%
NarkopopSpodenki Do Ćpania
58%
B&B WarsawZa dużo (feat. BENITO)
56%
LOT022Mefedronowe Love
53%
Radio GruzRadio Gruz
53%
Radio GruzTalerzowe Love
53%
Źródło LPDo następnego (feat. Belmondawg)
49%
LOT022Lot 022
48%
NarkopopModlitwa (feat. Malik Montana)
48%
Digital Scale MusicZegar (feat. Chris Carson & Kabe)
48%
NarkopopAll Day Everyday (Łee)
47%
B&B WarsawJak żyć w WWA?
47%
Uśmiech Kaza Bałagane dla WiktoriiKsiąże Nieporządek
47%
B&B WarsawMoonrock (feat. Szpaku)
47%
NarkopopProsciutto Crudo
47%
B&B WarsawRatusz Arsenał
47%
Cock.0z MixtapeMiodek (feat. DMN)
45%
B&B WarsawNumer o spodenkach krótkich
45%
NarkopopByku (feat. Paluch)
44%
B&B WarsawJanusz Yeyko (feat. OG Olgierd)
44%
Źródło LPKorpotwarze
44%
B&B WarsawOstatnia guma
44%
Radio GruzCo Tam (feat. Oyche Doniz)
42%
Single 2017 | Uśmiech Kaza Bałagane dla WiktoriiMonotonia (Cieść)
42%
NarkopopProsciutto Crudo - Remix
42%
Radio GruzMordziaty
41%
Radio GruzNie Zobaczysz (feat. Belmondawg)
41%
LOT022Zakochany Kundel
41%
Radio GruzBrunetki (feat. Smolasty)
40%
B&B WarsawNad wisełką
40%
NarkopopNarcyz
40%
Taka Fazka MixtapeSos, Ciuchy i Borciuchy (feat. Belmondawg)
40%
B&B WarsawDzwony (feat. Diho)
38%
Radio GruzLinijki
38%
Książe NieporządekMikołaj Koper
38%
Digital Scale MusicNowe Szklane Domy (feat. Taco Hemingway)
38%
Radio GruzPoka Fejs (feat. Amen Pacierzu)
38%
NarkopopCrazy Frog
37%
B&B WarsawGPS
37%
Cock.0z MixtapeMoney Mitch
37%
Chleb i MiódNie Wal Z Dychy
37%
Polska Gotówkowa (z APmg)Strzały
37%
B&B WarsawWarszawa Centralna
37%
B&B WarsawZguby (feat. Reto)
37%
Single 2017 | Uśmiech Kaza Bałagane dla WiktoriiCieść
36%
B&B WarsawJa nie tańcze
36%
B&B WarsawTa Syrenka nie potrafi pływać
36%
Narkopop Wave 2 EPZakładam golf
36%
Książe NieporządekZnałem Typa (feat. Szpaku)
36%
Cock.0z MixtapeAnanas
34%
Źródło LPBlok
34%
Digital Scale MusicDobranoc
33%
Digital Scale MusicElegancki Pan (feat. Białas)
33%
Cock.0z MixtapeMulti Pochette
33%
Radio GruzPół Talerza
33%
Radio GruzSmak Życia (feat. Red)
33%
Radio GruzTypowy Dżekson
33%
Digital Scale MusicZnałem Typa 2
33%
Cock.0z MixtapeDorex
32%
Radio GruzEpilog
32%
Książe NieporządekJacky
32%
Digital Scale MusicMatematyka (feat. Berson)
32%
Narkopop Wave 2 EPNiedziela Handlowa
32%
LOT022Odloty.pl
32%
Cock.0z MixtapeOpalony Cham
32%
NarkopopStara Bida
32%
B&B WarsawWrażliwa dusza
32%
NarkopopZa Dużo Rockenrolla
32%
Digital Scale Music40 i 4
30%
LOT022Byłem Tam
30%
Digital Scale MusicDigital Scale Music (feat. Amen Pacierzu)
30%
Chleb i MiódProf. Miodek
30%
Cock.0z MixtapeSzafa (feat. PRO8L3M)
30%
Radio GruzŻar
30%
Chleb i MiódZ Wami (feat. Kizo & Szpaku)
30%
Cock.0z MixtapeAudemars
29%
Polska Gotówkowa (z APmg)Chanson De Geste
29%
Źródło LPKsiąże nieporządek 2
29%
Źródło LPOgony (feat. Pikers)
29%
Narkopop Wave 2 EPSamolub
29%
NarkopopStolik
29%
Chleb i Miód (Deluxe)Chleb i Miód
27%
B&B WarsawCukier
27%
B&B WarsawStare miasto / nowe miasto
27%
LOT022Widzę Więcej
27%
Cock.0z MixtapeWłóczęga (feat. CatchUp)
27%
Digital Scale MusicZa Linią (feat. Pezet)
27%
Polska Gotówkowa (z APmg)Żołnierz
27%
B&B WarsawBania u cygana
26%
Narkopop Wave 2 EPBorderline
26%
Hugo Bucc 2Do Usłyszenia W 2017
26%
NarkopopKanikuły
26%
Uśmiech Kaza Bałagane dla WiktoriiKanikuły - "Crew" Blend
26%
Hugo Bucc 2Kuzyn
26%
LOT022Najwyższy Czas
26%
Źródło LPNarkos
26%
B&B WarsawPl. Zbawiciela (500+ anthem)
26%
NarkopopW Całości
26%
Książe NieporządekW Czapce Urodzony
26%
Narkopop (Złota Edycja)Jebe Coś
25%
Narkopop Wave EPJo
25%
Polska Gotówkowa (z APmg)Narkopop i BOR (feat. Paluch & Szpaku)
25%
LOT022Nic Do Stracenia (feat. TomB)
25%
Digital Scale MusicOna Należy Do Podwórek
25%
Narkopop (Złota Edycja)Pokoje (feat. Młody Dron)
25%
Digital Scale Music (Deluxe)Polo TV
25%
Polska Gotówkowa (z APmg)Romby
25%
NarkopopŚciana Budynków
25%
Narkopop Wave 2 EPStoje w oknie
25%
Polska Gotówkowa (z APmg)Toito
25%
Cock.0z MixtapeDodatkowe Jajko
23%
Polska Gotówkowa (z APmg)Hip-Hop
23%
Chleb i Miód (Deluxe)Kulig 2 (feat. DMN)
23%
Cock.0z MixtapeMgła
23%
Polska Gotówkowa (z APmg)Rap Najlepszej Marki
23%
Cock.0z MixtapeShopping
23%
Cock.0z MixtapeSrebrna Sukienka
23%
Chleb i MiódAlvaro (feat. Malik Montana & Smolasty)
22%
Książe NieporządekCiepła Cola (feat. Don Poldon)
22%
Źródło LPKlasa robotnicza albo przypał (feat. Małolat)
22%
Cock.0z MixtapeLotto (feat. Kabe)
22%
Narkopop Wave EPNarodowy Fundusz Zdrowia
22%
Polska Gotówkowa (z APmg)Paparazzi
22%
Digital Scale MusicPierwszy Kajdan
22%
Książe NieporządekPoncz
22%
Chleb i MiódTaxi
22%
Cock.0z MixtapeW Materiale (feat. HAŁASTRA)
22%
Digital Scale MusicDrugi Blok
21%
Narkopop Wave 2 EPHistorie z boiska
21%
Hugo Bucc 2Koleżka
21%
Cock.0z MixtapeMilionerek Skit (feat. TEKTONIKA)
21%
Digital Scale MusicSildenafil Boy
21%
Hugo Bucc 2Sportowa Noc (feat. Smolasty)
21%
Cock.0z MixtapeSzukam Cienia (feat. Avi & MatkaBoska)
21%
Cock.0z MixtapeTudej
21%
Polska Gotówkowa (z APmg)Biwak (feat. Berson)
19%
Chleb i Miód (Deluxe)Czasami
19%
Chleb i MiódFestiwalowe Love
19%
Digital Scale MusicFortaleza
19%
Książe NieporządekJetski
19%
Digital Scale MusicKuliakan
19%
Digital Scale MusicNic Nie Jest Takie, Na Jakie Wygląda
19%
Chleb i MiódNowy Miód (feat. Young Igi)
19%
Książe NieporządekPiękne Freski
19%
Hugo BuccSkit
19%
Digital Scale Music (Deluxe)Stalker
19%
Narkopop Wave EPDwie głupie dzidy z Woli
18%
Książe NieporządekDżin
18%
Polska Gotówkowa (z APmg)Dziub Dziub
18%
Chleb i MiódLautpak (feat. Amen Pacierzu & Młody Dron)
18%
Digital Scale Music (Deluxe)Made In Poldon
18%
Digital Scale Music (Deluxe)Motylek
18%
Cock.0z MixtapePomówienia (feat. Kobik)
18%
Chleb i MiódVaritas
18%
Hugo Bucc 2WawaLove
18%
Single 2017 | Uśmiech Kaza Bałagane dla WiktoriiZegarmistrz (feat. Smolasty)
18%
Chleb i Miód (Deluxe)10 Minutek (feat. Borixon)
16%
Cock.0z MixtapeTo Idzie (feat. Amen Pacierzu)
16%
Digital Scale MusicWeź Nie Panikuj
16%
Digital Scale MusicZapytania
16%
Cock.0z MixtapeInsalata Mista (po co) (feat. Koldi)
15%
Single 2017 | Uśmiech Kaza Bałagane dla WiktoriiJeszcze Chwila
15%
Single 2017 | Uśmiech Kaza Bałagane dla WiktoriiLudzik
15%
Źródło LPMiejsca i role
15%
Chleb i MiódMonogram (feat. DMN)
15%
Źródło LPOna to chyba lubi (feat. Smolasty)
15%
Chleb i MiódSlowmo
15%
Polska Gotówkowa (z APmg)Sny
15%
Cock.0z MixtapeSparing (feat. Smolasty)
15%
Chleb i MiódZeit
15%
Źródło LPZostawiłem to (feat. Smolasty)
15%
Chleb i MiódFilm (feat. Louis Villain)
14%
Źródło LPNa żywo
14%
Hugo Bucc 2Nowy Chleb
14%
Chleb i MiódPałac
14%
Polska Gotówkowa (z APmg)Przyszedł / Poszedł
14%
Źródło LPZa daleki odlot (feat. Sylwia Dynek & Białas)
14%
Chleb i Miód (Deluxe)All In (feat. Smolasty)
12%
Książe NieporządekImprezki Hip-Hopowe / B.T.B Skit
12%
Uśmiech Kaza Bałagane dla WiktoriiJutro
12%
Hugo Bucc 2Kocia Morda
12%
Chleb i MiódNowa Przypałowa Płyta
12%
Źródło LPPolska Wersja
12%
Polska Gotówkowa (z APmg)Shantaram
12%
Narkopop (Złota Edycja)To Nie Moje Sprawy (feat. Smolasty)
12%
Hugo Bucc 2Tutej (feat. Amen Pacierzu & Młody Dron)
12%
Narkopop Wave EPDołek (feat. Yung Adisz)
11%
Hugo BuccKoniec zabawy (feat. Belmondawg, Karwan & Panicz)
11%
Chleb i Miód (Deluxe)Książe Nieporządek 3
11%
Książe NieporządekNajpierw (feat. Alcomindz)
11%
Źródło LPNic na siłę
11%
Książe NieporządekOd Tego Pana
11%
Taka Fazka MixtapeRuda suka (feat. Belmondawg)
11%
Chleb i MiódWpisane W Koszta (feat. Peja & Slums Attack)
11%
Uśmiech Kaza Bałagane dla WiktoriiZgaga
11%
Hugo Bucc 2Braciak
10%
Hugo BuccCiemnowłosy czort (feat. 2sty & Sylwia Dynek)
10%
Uśmiech Kaza Bałagane dla WiktoriiCisza
10%
Książe NieporządekClout Chase
10%
Uśmiech Kaza Bałagane dla WiktoriiJefe
10%
Chleb i MiódPiękny Sen
10%
Polska Gotówkowa (z APmg)Presidential Suite
10%
Polska Gotówkowa (z APmg)Rozpłynięty Chłopak
10%
Chleb i MiódSzpital
10%
Narkopop Wave EPTundra
10%
Taka Fazka MixtapeDotknij Grzyba (feat. Alcomindz Mafia & Belmondawg)
8%
Taka Fazka MixtapeMuszę to mieć (feat. Belmondawg)
8%
Polska Gotówkowa (z APmg)Nieaktualne Wersy
8%
Taka Fazka MixtapePenthaus (feat. Sentino)
8%
Cock.0z MixtapeTrapster (feat. Kaczy)
8%
Uśmiech Kaza Bałagane dla WiktoriiOn przyszedł tylko
7%
Hugo BuccPyk do kielona (feat. Belmondawg, Oyche Doniz & Panicz)
7%
Taka Fazka MixtapeRucham Se, Pije Se (feat. Belmondawg)
7%
Hugo BuccWjazd (feat. Alter DYM, Belmondawg & Panicz)
7%
Hugo Bucc 2Żbik
7%
Uśmiech Kaza Bałagane dla WiktoriiCo Ty mi możesz powiedzieć?
5%
Czorty i Inne SportyDavid Hu$tle-Hoff (feat. 2sty)
5%
Taka Fazka MixtapePato Raban (feat. Belmondawg)
5%
Czorty i Inne SportyPeklarzyk (feat. Pjentak)
5%
Taka Fazka Mixtape4 Elementy
4%
Czorty i Inne SportyBydło (feat. 2sty)
4%
Taka Fazka MixtapeCzarna Magia 2 (Śmiechulcowa Faza) (feat. Belmondawg)
4%
Taka Fazka MixtapeJęzyk Kruluw (feat. Belmondawg, Koldi & ThisIsLouieKielton)
4%
Hugo BuccLekcja 1 (feat. 2sty & Pjentak)
4%
Hugo BuccNie jesteś hustler
4%
Taka Fazka MixtapeNie ma tak łatwo (feat. Belmondawg)
4%
Czorty i Inne SportyNowy czort (feat. 2sty, Pjentak & Plejer)
4%
Czorty i Inne SportySię nie nudzę (feat. Oyche Doniz & Panicz)
4%
Czorty i Inne SportyStill Smokin' (feat. Pjentak)
4%
Hugo BuccTakie życie (feat. Pjentak)
4%
Taka Fazka MixtapeCak cak (feat. Belmondawg & Don Poldon)
3%
Hugo BuccCo Ty na to? (feat. Pjentak, Plejer & TłustyKot)
3%
Czorty i Inne SportyDozuję trunki (feat. Resk & Panicz)
3%
Czorty i Inne SportyHip-hop'owe krążki (feat. Alter DYM)
3%
Czorty i Inne SportyJanusz Wódecki Skit
3%
Taka Fazka MixtapeKuchnie wiata (feat. 2sty & JodSen)
3%
Czorty i Inne SportyMelanż mnie wykończy (feat. Plejer)
3%
Hugo BuccNie ten numer (feat. 2sty)
3%
Czorty i Inne SportyO to chodzi (feat. Janusz Wódecki & Panicz)
3%
Hugo BuccŚwiadom bądź (feat. Urb)
3%
Hugo BuccTo jest banger (feat. 2sty, Karwan & Pjentak)
3%
Hugo BuccBuraczana śpiewy (feat. Plejer)
1%
Hugo BuccHip-hop'owe trunki (feat. Alter DYM)
1%
Hugo BuccMimo wszystko
1%
Taka Fazka MixtapeNa końcu języka (feat. Koldi)
1%
Taka Fazka MixtapePiękna Brzoskwinka (feat. Belmondawg & Koldi)
1%
Hugo BuccStill Smokin' 2 (feat. Panicz)
1%
Taka Fazka MixtapeSzlaufie (feat. DMN)
1%
Hugo BuccUważaj o czym marzysz (feat. Urb)
1%

Rozkład punktacji

Percentyl według liczby udzielonych odpowiedzi

Procent ludzi z każdym wynikiem

Twoja historia wyników

Nie rozwiązałeś tego quizu od ostatniego zresetowania